| 000 | 00837cam a2200301 4500 | ||
|---|---|---|---|
| 008 | 090401t1995 xxu||||| |||| 00| 0 eng d | ||
| 020 | _a0863421571 | ||
| 035 | _a(Sirsi) u12494 | ||
| 041 | _aeng | ||
| 050 | _a711.1 | ||
| 100 | _aBourdillon, Nicola | ||
| 245 | _aLimits and standards in environmental impact assessment. | ||
| 260 |
_aOxford _bOxford Brookes University _c1995 |
||
| 300 | _aca.130p. ; 30cm. | ||
| 350 | _a0 | ||
| 490 |
_aWorking Paper _v164 |
||
| 650 | _aAIR POLLUTION | ||
| 650 | _aENVIRONMENTAL CONTROL | ||
| 650 | _aENVIRONMENTAL IMPACT ASSESSMENTS | ||
| 650 | _aNOISE POLLUTION | ||
| 650 | _aTRAFFIC | ||
| 650 | _aWASTE DISPOSAL | ||
| 650 | _aWATER POLLUTION | ||
| 690 | _aENVIRONMENTAL AND LAND CONSULTANCY | ||
| 710 |
_aOxford Brookes University _9281 |
||
| 942 | _n0 | ||
| 948 | _c04/03/1997 | ||
| 999 |
_c86997 _d86997 |
||